| 000 | 00511nam a2200193 i 4500 | ||
|---|---|---|---|
| 001 | bgj | ||
| 100 | 1 |
_aLILJE, Hanns _d(1899-1977) |
|
| 245 | 1 | 0 |
_aMartin Luther 1483/1983 / _cvon Hanns Lilje. |
| 260 |
_aBonn : _bInter Nationes, _c1983. |
||
| 300 |
_a112 S. : _bIll. ; _c21 cm. |
||
| 504 | _aBibliographie S. 111-112. | ||
| 600 | 1 | 9 | _aLuther, Martin 1483-1546 |
| 650 | 9 | _aReformation | |
| 655 | _aBiographie | ||
| 040 | _cBPK | ||
| 041 | 0 | _ager | |
| 942 | _cKS | ||
| 008 | s gw f |000 0 ger | ||
| 999 |
_c49477 _d49477 |
||
| 856 |
_uhttp://koha.tu.koszalin.pl/cgi-bin/koha/opac-detail.pl?biblionumber=49477 _yKatalog online BPK |
||